MARC

LEADER 00000nam0a2200000 4500
001 317856
005 20231102003022.0
035 |a (RuTPU)RU\TPU\book\343324 
090 |a 317856 
100 |a 20160414d1955 km y0rusy50 ca 
101 0 |a rus 
102 |a RU 
105 |a ac z 001zd 
200 1 |a Избранные статьи  |f В. И. Пудовкин 
210 |a Москва  |c Искусство  |d 1955 
215 |a 464 с.  |c ил. 
320 |a Библиогр.: с. 447-457 
600 1 |a Пудовкин  |b В. И.  |c советский кинорежиссер  |c теоретик кино  |f 1893-1953  |g Всеволод Илларионович  |2 stltpush  |3 (RuTPU)RU\TPU\pers\13282  |9 3955 
606 1 |a Кинематография  |2 stltpush  |3 (RuTPU)RU\TPU\subj\39488  |9 59564 
610 1 |a биографии 
610 1 |a персоналии 
610 1 |a творчество 
610 1 |a кино 
610 1 |a фильмы 
610 1 |a кинорежиссура 
610 1 |a актеры 
610 1 |a режиссеры 
675 |a 791.43  |v 4 
700 1 |a Пудовкин  |b В. И.  |g Всеволод Илларионович 
801 1 |a RU  |b 63413507  |c 20160414 
801 2 |a RU  |b 63413507  |c 20171127  |g RCR 
942 |c BK